Учетные карточки по средним учебным заведениям Министерства народного просвещения городов Ейск - Ефремов

Доступно только в Электронных читальных залах Найти на картеНа карте
RUSMARC
00003567nmc2a22002413x 450
0014dde515a-77d4-47b4-9557-bd58738bae00
00520230831203241.0
100##$a20230116l18631917k l0rusy0189 ca
1010#$arus
102##$aRU
105##$ay###
1222#$ad
2001#$aУчетные карточки по средним учебным заведениям Министерства народного просвещения городов Ейск - Ефремов
$jбез даты
215##$a9 л.
$d30х27,5 см
251##$cДело
300##$aДело
371##$aДокумент не является опубликованным и широко распространяемым
461#0$1001a74412a3-3cc5-4d21-8f0a-dfe2fbd9e72d
$12001
$aДепартамент народного просвещения Министерства народного просвещения (1803-1917)
$1251
$cФонд
$1852
$j733
462#0$1001eee5cd01-9790-469a-9945-6bffddbc7761
$12001
$aРазряд общих дел
$1251
$cОпись
$1852
$j228
801#0$aRU
$bРГИА
$c20230116
$gRCR
801#1$aRU
$bГлавНИВЦ
$c20230116
$2rusmarc
801#2$aRU
$bПБ им. Б.Н. Ельцина
$c20230831
$gRCR
$2rusmarc
850##$aРГИА
852##$aРГИА
$eФедеральное казенное учреждение "Российский государственный исторический архив" (РГИА)
$j239
937##$hРГИА
$d12396536
$aASBIBLIO_SCAN
035##$aRusGRCC00059075
856##$uhttp://readingroom.main.prlib.ru/item.aspx?id_node=n187302970&mode=full
Формат отображения